000
00257 a2200109 4500
000
nam a22 7a 4500
005
20260306125745.0
020
_a
9789359540924
245
_a
Scholastic Yearbook 2026
260
_b
Scholastic India
_c
2026
942
_c
TEXL
999
_c
1688499
_d
1688499